| Tag |
First Indicator |
Second Indicator |
Subfields |
| LEADER |
00000cam a2200000 a 4500 |
| 001 |
in00005768607 |
| 005 |
20260327170822.8 |
| 006 |
m o d |
| 007 |
cr |n||||||||| |
| 008 |
210914s2021 enk o 000 0 eng d |
| 040 |
|
|
|a YDX
|b eng
|e pn
|c YDX
|d OPELS
|d OCLCO
|d EBLCP
|d OCLCF
|d UKMGB
|d OCLCQ
|d COM
|d OCLCO
|d N$T
|d K6U
|d OCLCQ
|d WAU
|d OCLCO
|d OCLCL
|d SFB
|d OCLCQ
|d OCLCL
|
| 015 |
|
|
|a GBC1K3197
|2 bnb
|
| 016 |
7 |
|
|a 020367882
|2 Uk
|
| 019 |
|
|
|a 1287268544
|a 1287871990
|
| 020 |
|
|
|a 9780323859912
|q (electronic bk.)
|
| 020 |
|
|
|a 0323859917
|q (electronic bk.)
|
| 020 |
|
|
|z 9780128245552
|
| 035 |
|
|
|a (OCoLC)1268113017
|z (OCoLC)1287268544
|z (OCoLC)1287871990
|
| 037 |
|
|
|a 9780323859912
|b Ingram Content Group
|
| 050 |
|
4 |
|a TJ808
|
| 072 |
|
7 |
|a TEC
|x 031000
|2 bisacsh
|
| 082 |
0 |
4 |
|a 621.042
|2 23
|
| 049 |
|
|
|a TXAM
|
| 245 |
0 |
0 |
|a Design, analysis and applications of renewable energy systems /
|c [edited by] Ahmad Taher Azar and Nashwa Ahmad Kamal.
|
| 260 |
|
|
|a London :
|b Academic Press,
|c 2021.
|
| 300 |
|
|
|a 1 online resource (xiii, 746 pages) :
|b illustrations.
|
| 336 |
|
|
|a text
|b txt
|2 rdacontent
|
| 337 |
|
|
|a computer
|b c
|2 rdamedia
|
| 338 |
|
|
|a online resource
|b cr
|2 rdacarrier
|
| 490 |
1 |
|
|a Advances in nonlinear dynamics and chaos
|
| 588 |
0 |
|
|a Print version record.
|
| 505 |
0 |
|
|a Front Cover -- Design, Analysis, and Applications of Renewable Energy Systems -- Copyright Page -- Contents -- List of contributors -- 1 Boiler controls and operation from the perspective of renewable energy integration to electrical grid -- 1.1 Introduction -- 1.1.1 Impacts on steam-cycle-based power plant -- 1.1.2 Boiler control literature review -- 1.1.3 Structure and focus -- 1.2 Boiler control: an overview -- 1.2.1 Boiler control basics -- 1.2.2 Steam pressure control -- 1.2.3 Boiler-turbine load control -- 1.2.3.1 Boiler follow mode -- 1.2.3.2 Turbine follow mode
|
| 505 |
8 |
|
|a 1.2.3.3 Coordinate control mode and variable pressure or sliding pressure -- 1.2.4 Boiler-turbine bypass system -- 1.2.5 Drum-level control -- 1.2.5.1 Single-element control -- 1.2.5.2 Two-element control -- 1.2.5.3 Three-element control -- 1.3 Challenges -- 1.3.1 Challenges in drum-level control -- 1.3.1.1 Swell and shrink -- 1.3.1.2 Nonlinearity -- 1.3.2 Boiler bypass control -- 1.3.3 Steam temperature control -- 1.4 Experiment exploration -- 1.4.1 Linear model envelope -- 1.4.2 Robust MIMO bypass and level control-a study -- 1.4.2.1 Control design overview -- 1.4.2.2 Classical MIMO
|
| 505 |
8 |
|
|a 1.4.2.3 EDA-QFT robust MIMO -- 1.4.3 Experimental results and discussion -- 1.5 Conclusion and future scope -- 1.5.1 Future scope -- References -- 2 Hybrid renewable energy systems for energy supply to autonomous desalination systems on Isolated Islands -- 2.1 Introduction -- 2.2 Description of Canarian Archipelago -- 2.3 Software selection -- 2.4 Autonomous desalination systems -- 2.5 Methodology for the islands selection for the study -- 2.5.1 Description of the process -- 2.5.2 Identification of the islands -- 2.5.3 Decision making for the choice of eligible islands
|
| 505 |
8 |
|
|a 2.6 HOMER software input data -- 2.6.1 Electrical loads -- 2.6.2 Solar radiation -- 2.6.3 Wind speeds -- 2.6.4 Wind turbine system -- 2.6.5 Photovoltaic system -- 2.6.6 Generator -- 2.6.7 Converter -- 2.6.8 Battery bank -- 2.7 Economic analysis -- 2.7.1 Net Present Cost -- 2.7.2 Levelized Cost of Energy -- 2.8 Results and discussions -- 2.8.1 Islands selected for the study -- 2.8.2 Technoeconomic optimization results -- 2.8.2.1 Optimization results in Lanzarote -- 2.8.2.2 Optimization results in Fuerteventura -- 2.8.2.3 Optimization results in Gran Canaria
|
| 505 |
8 |
|
|a 2.8.2.4 Optimization results in Tenerife North -- 2.8.2.5 Optimization results in Tenerife South -- 2.8.2.6 Optimization results in El Hierro -- 2.8.3 Respective Net Present Cost -- 2.8.4 Pollution -- 2.8.5 Sensitivity analysis -- 2.9 Conclusion -- Acknowledgment -- References -- 3 Storage systems in photovoltaic plants with delivery limitation -- 3.1 Introduction -- 3.2 Theoretical background -- 3.3 Materials and methods -- 3.3.1 Photovoltaic generation potential model -- 3.3.2 Calculation of the optimal BESS size -- 3.3.3 Determination of the curtailed and delivered energy
|
| 650 |
|
0 |
|a Renewable energy sources.
|
| 650 |
|
0 |
|a Renewable energy sources
|x Design.
|
| 650 |
|
2 |
|a Renewable Energy
|
| 650 |
|
6 |
|a Énergies renouvelables.
|
| 650 |
|
7 |
|a Renewable energy sources
|2 fast
|
| 655 |
|
7 |
|a Electronic books.
|2 local
|
| 700 |
1 |
|
|a Azar, Ahmad Taher.
|
| 700 |
1 |
|
|a Kamal, Nashwa Ahmad.
|
| 710 |
2 |
|
|a ScienceDirect (Online service)
|
| 758 |
|
|
|i has work:
|a Design, analysis, and applications of renewable energy systems (Text)
|1 https://id.oclc.org/worldcat/entity/E39PCFXbxkj4qJgYvR7TkCrYHd
|4 https://id.oclc.org/worldcat/ontology/hasWork
|
| 776 |
0 |
8 |
|i Print version:
|t Design, analysis and applications of renewable energy systems.
|d London : Academic Press, 2021
|z 0128245557
|z 9780128245552
|w (OCoLC)1237100861
|
| 776 |
0 |
8 |
|i Print version:
|t DESIGN, ANALYSIS AND APPLICATIONS OF RENEWABLE ENERGY SYSTEMS.
|d [S.l.] : ELSEVIER ACADEMIC PRESS, 2021
|z 0128245557
|w (OCoLC)1237100861
|
| 830 |
|
0 |
|a Advances in nonlinear dynamics and chaos.
|
| 856 |
4 |
0 |
|u http://proxy.library.tamu.edu/login?url=https://www.sciencedirect.com/science/book/9780128245552
|z Connect to the full text of this electronic book
|t 0
|
| 955 |
|
|
|a Elsevier ScienceDirect 2026-2027
|
| 994 |
|
|
|a 92
|b TXA
|
| 999 |
f |
f |
|i b966e5df-34c3-4be5-a637-3ab6f1886689
|s 71ce874a-3382-4dfe-9338-04cf1fba184e
|t 0
|
| 952 |
f |
f |
|a Texas A&M University
|b College Station
|c Electronic Resources
|s www_evans
|d Available Online
|t 0
|e TJ808
|h Library of Congress classification
|
| 998 |
f |
f |
|a TJ808
|t 0
|l Available Online
|